European Treble Super Quiz! - Statistics

General Stats
  • This quiz has been taken 5 times
  • The average score is 51 of 111
Answer Stats
Hint Answer % Correct
Who did they sign from Napoli for €70m in January? Khvicha Kvaratskhelia
100%
Who was their manager? Luis Enrique
100%
Who was their top scorer across all comps? Ousmane Dembele
100%
How many points did they win the Ligue 1 title by? 19
75%
How many City players featured in the PFA team of the year 5
75%
Which defender scored 11 goals that season? Achraf Hakimi
75%
Who was their top scorer in all comps with 52 goals? Erling Haaland
75%
Who did Barca sign from Sevilla for €18m and a loan of Denis Suarez? Ivan Rakitic
75%
Who did they beat 1-3 in the UCL Final in Berlin? Juventus
75%
Who did they sign from Leeds United for £42m Kalvin Phillips
75%
Who was their top scorer in all comps? Lionel Messi
75%
Who was their manager? Luis Enrique
75%
Who was their manager? Pep Guardiola
75%
How many trophies did they win in the previous season 0
50%
How many goals did Barca score in the league 110
50%
How many league games did Bayern win in a row from 16 February 2020 to 27 June 2020 13
50%
What was the score when City faced 2nd place finishers Arsenal at the Emirates? 1-3
50%
What was the gap between Inter and Roma on points at the end of the season? 2
50%
This was the first season without Franck Ribery since when? 2006/07
50%
How many points did they win the Bundesliga by? 25
50%
Which position did Inter finish in their UCL group? 2nd
50%
How many goals did Barca score in the 9 games of the Copa del Rey 34
50%
How many goals did Serge Gnabry score away at Tottenham in the UCL group stage? 4
50%
City were stunned by Brentford after they were beaten 1-2 at home by the Bees. What minute did Toney score the winner ? 90+8’
50%
Who was their manager? Alex Ferguson
50%
Who scored a crucial away goal to knock out Chelsea at Stamford Bridge in the UCL Semi-Final 2nd leg in a controversial game? Andres Iniesta
50%
Who scored an 89th minute winner at Wembley against Borussia Dortmund in the UCL Final? Arjen Robben
50%
Who did United beat in the FA Cup Semi-Final after a replay? Arsenal
50%
Who did Barcelona beat in the Copa del Rey final? Athletic Club
50%
With which club did Inter swap Zlatan Ibrahimovic for Samuel Eto'o? Barcelona
50%
Which team did Inter beat in the UCL Semi-Finals, prompting Mourinho to run onto the pitch and celebrate extravagantly with his players after the end of 2nd leg? Barcelona
50%
Which team did they surprisingly lose to in the group stage of the UCL? BATE Borisov
50%
They lost one league game all season, who beat them? Bayer Leverkusen
50%
Which holiday resort did Barcelona knock out of the Copa del Rey at the Ro32? Benidorm
50%
In which stadium did Inter beat Bayern Munich 2-0 in the UCL Final with a brace from Diego Milito? Bernabeu
50%
On 2 May 2009, Barca beat Real 2-6 at the Bernabeu with goals from Messi, Pique, Henry and who? Carles Puyol
50%
In the away Milan derby, Inter won 0-4 with goals from Maicon, Milito, Motta and who? Dejan Stankovic
50%
In addition to the treble, they won one other trophy. Which was it? DFL-Supercup
50%
Who was their top scorer in all competitions? Diego Milito
50%
Who scored the only goal in the Coppa Italia final for Inter against Roma? Diego Milito
50%
Who was their top scorer across all competitions? Dwight Yorke
50%
Which stadium was the behind closed doors UCL final held in? Estadio da Luz
50%
Who did they sign from Manchester United for €5m in the summer? Gerard Pique
50%
Who scored the first goal of Barca’s UCL campaign? Gerard Pique
50%
Who was their manager at the end of the season? Hansi Flick
50%
Who bagged a brace in the Final against city rivals Manchester United, including a long range pearler after 12 seconds, breaking the record for the fastest goal ever scored in an FA Cup Final? Ilkay Gundogan
50%
Who did they sign from PSV Eindhoven for £10.75m in July 1998? Jaap Stam
50%
Who did they sign from Athletic Club for €40m in the summer? Javi Martinez
50%
Shockingly, Bayern lost 5-1 away to Eintracht Frankfurt. Which Bayern player was sent off after 9 minutes? Jerome Boateng
50%
Who was their manager? Jose Mourinho
50%
Who was their manager? Jupp Heynckes
50%
Who did Inter knock out in the Quarter Finals with goals from Lucio and Balotelli? Juventus
50%
Who was their top scorer in all comps with 38? Lionel Messi
50%
Who scored a looping header to put Barca 2-0 up in the UCL Final against Manchester United after 70 minutes at the Stadio Olimpico in Rome? Lionel Messi
50%
Who was signed for €80m from Atletico Madrid Lucas Hernandez
50%
Which seaside city based side took 4 points off Barca in La Liga? Malaga
50%
Who was in their famous, deadly front three combination that season? Messi, Suarez, Neymar
50%
Who did they record their biggest league win against? (6-0) Montpellier
50%
Who did United beat in the FA Cup Final? Newcastle United
50%
Who beat Barcelona in their very first league game of the season? Numancia
50%
On 6 February 1999, United battered Forest 8-1 with 2 goals from Dwight Yorke and Andy Cole respectively. Who scored the other 4? Ole Gunnar Solskjaer
50%
Who scored the historic winner at 90+3' to win the UCL Final at the Nou Camp against Bayern Munich after Sheringham had equalised two minutes earlier? Ole Gunnar Solskjaer
50%
Who was the manager? Pep Guardiola
50%
Which European giants did City batter 4-0 at home in the 2nd leg of the UCL Semi-Final? Real Madrid
50%
Who scored a hattrick for City in their FA Cup Semi Final against Nottingham Forest at Wembley? Riyad Mahrez
50%
Who was their top scorer in all comps with 55 goals? Robert Lewandowski
50%
Who scored the long range winner in the UCL Final at the Ataturk Olympic Stadium in Istanbul against Inter? Rodri
50%
Who delivered a MOTM performance against Juventus in the Semi-Final 2nd leg of the UCL? Roy Keane
50%
Who was their top scorer in the league with 30? Samuel Eto'o
50%
Which Frenchman became the third youngest player, at nineteen years and fourteen days, to score in a UCL final after bagging the fifth in the 5-0 win against Inter at the Allianz Arena in Munich? Senny Mayulu
50%
Which 4th tier French side did they batter 7-0 in the Coup de France Quarter Finals? Stade Briochin
50%
Who did they beat in the Coup de France Final? Stade de Reims
50%
Who was their top scorer across all comps? Thomas Muller
50%
Who did United beat 2-1 on the final day with goals from Beckham and Cole to win the Premier League title? Tottenham Hotspur
50%
Who did they sign from Real Madrid for €18m that summer? Wesley Sneijder
50%
Ajax had there biggest scoring win that season against vitesse, scoring how many goals ? 12
25%
Despite winning the UCL, they performed poorly in the league phase, losing 3 and drawing once but which position did they finish in? 15th
25%
How many goals did they score that season, breaking a world record? 196
25%
How many points did Ajax get in the league? 63
25%
Who did they beat in the Scottish Cup final Aberdeen
25%
Who did Ajax sign from RKSV Volendam for €79k that season Arnold Muhren
25%
Which English club did Ajax beat 3-1 in the European Cup Quarter Finals? Arsenal
25%
Who did Bayern beat in the Pokal final? Bayer Leverkusen
25%
Who was the only player from outside the British Isles? Bent Martin
25%
Who did Celtic lose to twice that season in the league? Dundee United
25%
Which 4th division side did Bayern knock out of the DfB Pokal in the first round Energie Cottbus
25%
Who did they beat in the KNVB Cup final? FC Den Hag
25%
Which two teams did they draw to in the league? Fortuna Sittard,Twente
25%
Who delivered Ajax’s only defeat in the league that season? Go Ahead Eagles
25%
Who was their manager? Guus Hiddink
25%
Who was their top scorer in the European Cup? Hans Gillhaus
25%
Who did Barca beat 12-1 on aggregate in the Round of 32 of the Copa del Rey Huesca
25%
Who did they beat in the European cup final? Inter
25%
Who did Ajax beat in the European Cup Final? Inter
25%
Who was their manager? Jock Stein
25%
Who was their top scorer in all competitions? Joe McBride
25%
Who was Ajax’s top scorer in all competitions? Johan Cruyff
25%
Who scored both goals in the European Cup Final? Johann Cruyff
25%
Along with the treble what other two trophies win? League Cup, Glasgow Cup
25%
Which city was the final held in? Lisbon
25%
Who did they beat in the Semi-Final? Real Madrid
25%
Who did they beat in the KNVB Cup final? Roda JC
25%
Who scored the first penalty in the European Cup final? Ronald Koeman
25%
Who left the club for AC Milan? Ruud Gullit
25%
Who did they sign from Monaco that season? Soren Lerby
25%
Who was Ajax’s manager? Stefan Kovacs
25%
Who were Celtic involved in a 10 goal thriller with in the league? Stirling Albion
25%
PSV drew their last 5 games in normal time in the European Cup. True or False? True
25%
And, who did they narrowly beat in the final? VfB Stuttgart
25%
Who did they batter 6-1 in the DfB Pokal Semi-Final? VfL Wolfsburg
25%
Who was their top scorer in all competitions? Wim Kieft
25%
No matching quizzes found
Score Distribution
Percent of People with Each Score
Percentile by Number Answered
Your Score History
You have not taken this quiz